Random Flag of North America to Map - Statistics

General Stats
  • This quiz has been taken 297 times
  • The average score is 9 of 12
Answers on the Map
Answers color-coded by a green-red scale on the quiz's map according to % correct below.
 
Answer Stats
Answer % Correct
89%
89%
89%
89%
87%
83%
81%
80%
78%
77%
74%
73%
72%
69%
69%
67%
66%
63%
63%
57%
54%
53%
45%
No matching quizzes found
Score Distribution
Percent of People with Each Score
Percentile by Number Answered
Your Score History
You have not taken this quiz